000 00356nam a2200145 i 4500
001 bg
100 1 _aSTUPELMAN, V. S.
245 0 _aPoluprovodnikovye pribory /
_cV.S. Stupelman, G.A. Filaretov.
260 _aMoskva,
_c1973.
700 1 _aFILARETOV, G. A.
040 _cBPK
041 _apol
942 _cKS
008 s pl f |000 0 pol
999 _c26746
_d26746
856 _uhttp://koha.tu.koszalin.pl/cgi-bin/koha/opac-detail.pl?biblionumber=26746
_yKatalog online BPK